logo

Bir Sreshtho Munshi Abdur Rouf Library
Jhenaidah Cadet College

Methematical Methods for Physicists / (Record no. 8398)

MARC details
000 -LEADER
fixed length control field 00656nam a2200253 a 4500
001 - CONTROL NUMBER
JCCL Control Number 8398
003 - CONTROL NUMBER IDENTIFIER
JCCL marc code BD-JhCC
005 - DATE AND TIME OF LATEST TRANSACTION
control field 20180222173916.0
008 - FIXED-LENGTH DATA ELEMENTS--GENERAL INFORMATION
fixed length control field 180222s19662002i a|||| || | 001 0 eng d
020 ## - INTERNATIONAL STANDARD BOOK NUMBER
International Standard Book Number 8178670712
035 ## - SYSTEM CONTROL NUMBER
system control number (BD-JhCC)8398
040 ## - CATALOGING SOURCE
Original cataloging agency BD-JhCC
Modifying agency BD-JhCC
041 ## - LANGUAGE CODE
Language code of Book eng
082 ## - DEWEY DECIMAL CLASSIFICATION NUMBER
Classification number 530.15
Author mark and Year ARF 2002
100 ## - MAIN ENTRY--PERSONAL NAME
Personal name Arfken, George B.
245 ## - TITLE STATEMENT
Title Methematical Methods for Physicists /
Statement of responsibility, etc George B. Arfken,
250 ## - EDITION STATEMENT
Edition statement 5th ed.
260 ## - PUBLICATION, DISTRIBUTION, ETC. (IMPRINT)
Place of publication, distribution, etc New Delhi :
Name of publisher, distributor, etc Academic Press,
Date of publication, distribution, etc 2002.
300 ## - PHYSICAL DESCRIPTION
Pagination 1112 p. :
Other physical details ill. ;
Dimensions 21 cm.
504 ## - BIBLIOGRAPHY, ETC. NOTE
Bibliography, etc Includes Index
650 ## - SUBJECT ADDED ENTRY--TOPICAL TERM
Topical term or geographic name as entry element Mathematical Physics
942 ## - ADDED ENTRY ELEMENTS (KOHA)
Source of classification or shelving scheme Dewey Decimal Classification
Koha item type Books
Holdings
Source of classification or shelving scheme Damaged status Not for loan Home library Current library Shelving location Date of accession Total Checkouts Full call number Barcode Date last seen Copy number Koha item type
Dewey Decimal Classification     JCC Rouf Library JCC Rouf Library General Stacks 02/22/2018   530.15 ARF 2002 10824 02/22/2018 C-1 Books

JCC Library | Contacts | JCC Home

Last Update on 23 September 2017
Copyright @ 2017-2020 JCC Rouf Library
Rouf Library, Jhenidah Cadet College (JCC), Bangladesh